Der Öffentlichkeitsauftrag des öffentlichen Rundfunks als Befähigung zur Freiheit

Saved in:
Bibliographic Details
Main Author: Kirchhof, Paul (Author)
Format: Chapter/Article
Language:German
Published: 2001
In: Werte und Wert des öffentlich-rechtlichen Rundfunk in der digitalen Zukunft
Year: 2001, Pages: 9-21
Online Access: Get full text
Author Notes:Paul Kirchhof

MARC

LEADER 00000caa a2200000 c 4500
001 1179537521
003 DE-627
005 20220810071114.0
007 tu
008 040204s2001 xx ||||| 00| ||ger c
035 |a (DE-627)1179537521 
035 |a (DE-576)109537521 
035 |a (DE-599)BSZ109537521 
035 |a (OCoLC)1340387156 
040 |a DE-627  |b ger  |c DE-627  |e rakwb 
041 |a ger 
084 |a 19  |2 sdnb 
100 1 |a Kirchhof, Paul  |d 1943-  |0 (DE-588)121398897  |0 (DE-627)081282281  |0 (DE-576)161714323  |4 aut 
245 1 4 |a Der Öffentlichkeitsauftrag des öffentlichen Rundfunks als Befähigung zur Freiheit  |c Paul Kirchhof 
264 1 |c 2001 
300 |a 13 
336 |a Text  |b txt  |2 rdacontent 
337 |a ohne Hilfsmittel zu benutzen  |b n  |2 rdamedia 
338 |a Band  |b nc  |2 rdacarrier 
773 0 8 |i In  |t Werte und Wert des öffentlich-rechtlichen Rundfunk in der digitalen Zukunft  |b 1. Aufl.  |d Potsdam : Verl. für Berlin-Brandenburg, 2001  |g (2001), Seite 9-21  |h 161 S  |w (DE-627)334131324  |w (DE-576)094989869  |z 393503525X  |7 nnam  |a Der Öffentlichkeitsauftrag des öffentlichen Rundfunks als Befähigung zur Freiheit 
773 1 8 |g year:2001  |g pages:9-21  |g extent:13  |a Der Öffentlichkeitsauftrag des öffentlichen Rundfunks als Befähigung zur Freiheit 
951 |a AR 
992 |a 20130704 
993 |a BookComponentPart 
994 |a 2001 
998 |g 121398897  |a Kirchhof, Paul  |m 121398897:Kirchhof, Paul  |d 20000  |d 20300  |e 20000PK121398897  |e 20300PK121398897  |k 0/20000/  |k 1/20000/20300/  |p 1  |x j  |y j 
999 |a KXP-PPN1179537521  |e 2755217073 
BIB |a Y 
JSO |a {"person":[{"role":"aut","display":"Kirchhof, Paul","family":"Kirchhof","given":"Paul"}],"title":[{"title_sort":"Öffentlichkeitsauftrag des öffentlichen Rundfunks als Befähigung zur Freiheit","title":"Der Öffentlichkeitsauftrag des öffentlichen Rundfunks als Befähigung zur Freiheit"}],"relHost":[{"recId":"334131324","part":{"year":"2001","extent":"13","pages":"9-21","text":"(2001), Seite 9-21"},"physDesc":[{"extent":"161 S","noteIll":"graph. Darst"}],"relMultPart":[{"part":{"number_sort":["7"],"number":["7"]},"recId":"528211846","type":{"bibl":"serial"},"pubHistory":["1.1986 -"],"name":{"displayForm":["hrsg. vom Fribourger Arbeitskreis für die Ökonomie des Rundfunks"]},"dispAlt":"Beiträge zur Rundfunkökonomie","physDesc":[{"noteFormat":"24 cm"}],"corporate":[{"role":"isb","display":"Fribourger Arbeitskreis für die Ökonomie des Rundfunks"}],"origin":[{"dateIssuedDisp":"1986-","publisherPlace":"Potsdam ; Stuttgart ; Berlin ; Köln ; Mainz","publisher":"Verl. für Berlin-Brandenburg ; Kohlhammer","dateIssuedKey":"1986"}],"disp":"Beiträge zur Rundfunkökonomie","id":{"eki":["528211846"],"zdb":["2294505-2"]},"title":[{"title":"Beiträge zur Rundfunkökonomie","title_sort":"Beiträge zur Rundfunkökonomie"}],"language":["ger"]}],"type":{"bibl":"edited-book"},"name":{"displayForm":["hrsg. von Hanns Abele ..."]},"corporate":[{"display":"Fribourger Arbeitskreis für die Ökonomie des Rundfunks","role":"oth"}],"person":[{"family":"Abele","given":"Hanns","role":"edt","display":"Abele, Hanns"},{"given":"Hermann","family":"Fünfgeld","role":"oth","display":"Fünfgeld, Hermann"},{"display":"Riva, Antonio","role":"oth","family":"Riva","given":"Antonio"}],"note":["Enth. 8 Beitr"],"origin":[{"editionNo":"1","publisher":"Verl. für Berlin-Brandenburg","publisherPlace":"Potsdam","dateIssuedDisp":"2001","edition":"1. Aufl.","dateIssuedKey":"2001"}],"disp":"Der Öffentlichkeitsauftrag des öffentlichen Rundfunks als Befähigung zur FreiheitWerte und Wert des öffentlich-rechtlichen Rundfunk in der digitalen Zukunft","id":{"isbn":["393503525X"],"eki":["334131324"]},"title":[{"title_sort":"Werte und Wert des öffentlich-rechtlichen Rundfunk in der digitalen Zukunft","title":"Werte und Wert des öffentlich-rechtlichen Rundfunk in der digitalen Zukunft","subtitle":"FAR-Tagung"}],"language":["ger"]}],"language":["ger"],"recId":"1179537521","origin":[{"dateIssuedDisp":"2001","dateIssuedKey":"2001"}],"type":{"bibl":"chapter"},"name":{"displayForm":["Paul Kirchhof"]},"physDesc":[{"extent":"13 S."}],"id":{"eki":["1179537521"]}} 
SRT |a KIRCHHOFPAOEFFENTLIC2001